ბათუმის შოთა რუსთაველის სახელმწიფო უნივერსიტეტის ბიბლიოთეკა

Унификация железобетонных инженерных сооружении (ბიბ.ჩანაწერი № 38739)

000 -LEADER
fixed length control field 00742nam a2200205Ia 4500
001 - CONTROL NUMBER
control field 5056
003 - CONTROL NUMBER IDENTIFIER
control field GE_BSU
008 - FIXED-LENGTH DATA ELEMENTS--GENERAL INFORMATION
fixed length control field 181216s||||||||xx |||||||||||||| ||und||
040 ## - CATALOGING SOURCE
Transcribing agency GE_BSU
080 ## - UNIVERSAL DECIMAL CLASSIFICATION NUMBER
Universal Decimal Classification number 624.012.35
100 ## - MAIN ENTRY--PERSONAL NAME
Personal name Научн. ред. А.Ф.Милованов.
245 ## - TITLE STATEMENT
Title Унификация железобетонных инженерных сооружении
245 ## - TITLE STATEMENT
Statement of responsibility, etc. Сычев,В.И. Спиридонов,В.М. Приходько,И.С.
260 ## - PUBLICATION, DISTRIBUTION, ETC.
Place of publication, distribution, etc. М.
260 ## - PUBLICATION, DISTRIBUTION, ETC.
Name of publisher, distributor, etc. Стройиздат.
260 ## - PUBLICATION, DISTRIBUTION, ETC.
Date of publication, distribution, etc. 1971.
300 ## - PHYSICAL DESCRIPTION
Extent 215 стр. с илл. 27 см. Библиогр. стр. 212-213.
653 ## - INDEX TERM--UNCONTROLLED
Uncontrolled term Унификация железобетонных инженерных сооружении
942 ## - ADDED ENTRY ELEMENTS (KOHA)
Koha item type წიგნი
ეგზემპლარები
Withdrawn status Lost status Damaged status Not for loan Date acquired Barcode Date last seen Price effective from Koha item type
        2018-12-17 11451 2018-12-17 2018-12-17 წიგნი